000 00734nam a2200193Ii 4500
003 JO-AjNU
008 230605s9999||||xx |||||||||||||| ||und||
040 _aJO-AjNU
_bara
_erda
_cJO-AjNU
041 _aara
050 1 4 _aPJ7561.J2 1987
100 3 _aالجدع،أحمد تأليف/جرار،حسني أدهم,
_eauthor
_920155
245 0 0 _aشعراء الدعوة الإسلامية في العصر الحديث، الجزء العاشر
264 3 1 _aبيروت:دار الضياء،1987
300 _aج10، 112ص
336 _atext
_btxt
_2rdacontent
337 _aunmediated
_bn
_2rdamedia
338 _avolume
_bnc
_2rdacarrier
650 4 _aالشعراء العرب-تراجم-الدعوة الإسلامية-شعر
_920156
999 _aA6782
_c10350
_d10350